Dust tracks on a road.

Bibliographic Details
Main Author: Hurston, Zora Neale
Format: Book
Language:English
Published: New York : Arno Press, 1969
Series:American Negro, his history and literature.

MARC

Tag First Indicator Second Indicator Subfields
LEADER 00000cam a2200000 4500
001 in00000154713
005 20151008065829.0
008 700813c19691942nyu 00000beng d
010 |a  70094133  
035 |a (OCoLC)00088431 
035 |9 AAS1406AM 
040 |a DLC  |c DLC  |d TXA  |d UtOrBLW 
049 |a TXAM  |c 1 [1338928]  |c 2 [1139922] 
050 0 0 |a PS3515.U789  |b Z5 1969 
082 0 |a 813/.5/2  |a B 
100 1 |a Hurston, Zora Neale. 
245 1 0 |a Dust tracks on a road. 
264 1 |a New York :  |b Arno Press,  |c 1969 
264 4 |c [©1942] 
300 |a v, 294 pages ;  |c 23 cm. 
336 |a text  |b txt  |2 rdacontent 
337 |a unmediated  |b n  |2 rdamedia 
338 |a volume  |b nc  |2 rdacarrier 
490 1 |a The American Negro, his history and literature 
830 0 |a American Negro, his history and literature. 
999 |a MARS 
999 f f |s 0c9b35b3-f1cd-3a39-ab38-f370905621fd  |i 7e008791-4f86-32b5-83ba-79665b1a36e5  |t 0 
952 f f |p normal  |a Texas A&M University  |b College Station  |c Sterling C. Evans Library  |d SUPPRESSED  |t 0  |e PS3515.U789 Z5 1969  |h Library of Congress classification  |i unmediated -- volume  |m A14804093450 
998 f f |a PS3515.U789 Z5 1969  |t 0  |l Evans: Library Stacks 
998 f f |a PS3515.U789 Z5 1969  |t 0  |l Evans: Library Stacks